[Event "SVK-chT3A2 0910"]
[Site "Slovakia"]
[Date "2010.02.13"]
[Round "9.3"]
[White "Csiba, Peter"]
[Black "Sarmir, Milos"]
[Result "1/2-1/2"]
[WhiteElo "2104"]
[BlackElo "2090"]
[PlyCount "28"]
[EventDate "2009.10.18"]
[EventType "team-tourn"]
[EventRounds "11"]
[EventCountry "SVK"]
[SourceTitle "EXT 2011"]
[Source "ChessBase"]
[SourceDate "2010.11.26"]
[SourceVersion "1"]
[SourceVersionDate "2010.11.26"]
[SourceQuality "1"]
[WhiteTeam "Dunajska Streda SK III"]
[BlackTeam "Cifer"]
[WhiteTeamCountry "SVK"]
[BlackTeamCountry "SVK"]

1. e4 e5 2. Nf3 Nc6 3. Nc3 d6 4. d4 exd4 5. Nxd4 Nxd4 6. Qxd4 Nf6 7. Bg5 Be7 8. Bc4 a6 9. f4 b5 10. Be2 h6 11. Bxf6 Bxf6 12. Qd2 Bb7 13. 0-0 0-0 14. Bf3 Bxc3 1/2-1/2

[Event "SVK-chT3A2 0809"]
[Site "Slovakia"]
[Date "2009.03.01"]
[Round "8.3"]
[White "Csiba, Peter"]
[Black "Peska, Juraj"]
[Result "1-0"]
[WhiteElo "2041"]
[BlackElo "1960"]
[PlyCount "109"]
[EventDate "2008.10.19"]
[EventType "team-tourn"]
[EventRounds "11"]
[EventCountry "SVK"]
[SourceTitle "EXT 2010"]
[Source "ChessBase"]
[SourceDate "2010.11.25"]
[SourceVersion "1"]
[SourceVersionDate "2010.11.25"]
[SourceQuality "1"]
[WhiteTeam "Dunajska Streda SK III"]
[BlackTeam "Hlohovec SK Zentiva III"]
[WhiteTeamCountry "SVK"]
[BlackTeamCountry "SVK"]

1. e4 e6 2. f4 d5 3. e5 c5 4. Nf3 Ne7 5. c3 Nbc6 6. Na3 Ng6 7. g3 Be7 8. Nc2 b6 9. Bg2 Bb7 10. 0-0 0-0 11. d4 Rc8 12. g4 Re8 13. f5 Nf8 14. Rf2 cxd4 15. cxd4 Nb4 16. Nxb4 Bxb4 17. f6 gxf6 18. g5 f5 19. Bd2 Bxd2 20. Qxd2 Re7 21. Bf1 Rec7 22. Bd3 Qd7 23. Nh4 Qa4 24. Bxf5 exf5 25. Nxf5 Qc2 26. Qf4 Qc6 27. Nh6+ Kg7 28. Raf1 Qg6 29. e6 Nxe6 30. Qe5+ Kf8 31. Qh8+ Ke7 32. Rxf7+ Kd6 33. Qe5+ Kc6 34. R7f6 Qe4 35. Rxe6+ Kb5 36. Qf6 Qh4 37. Re3 Rc2 38. Rb3+ Ka5 39. Qf4 Qxf4 40. Rxf4 Re2 41. Rf2 Rxf2 42. Kxf2 b5 43. Ng4 Rc2+ 44. Kg3 Rd2 45. Nf6 Rxd4 46. Nxh7 Re4 47. Nf6 Re6 48. h4 d4 49. Rd3 Rd6 50. h5 Bc8 51. Kf4 Kb4 52. h6 Rd8 53. h7 Kc4 54. Rd2 Rf8 55. Ke5 1-0

[Event "SVK-chT 0809"]
[Site "Slovakia"]
[Date "2009.02.14"]
[Round "8"]
[White "Csiba, Peter"]
[Black "Hlinka, Vasil"]
[Result "0-1"]
[WhiteElo "2041"]
[BlackElo "2203"]
[PlyCount "68"]
[EventDate "2008.10.25"]
[EventType "team-tourn"]
[EventRounds "11"]
[EventCountry "SVK"]
[SourceTitle "EXT 2019"]
[Source "ChessBase"]
[SourceDate "2018.10.10"]
[SourceVersion "1"]
[SourceVersionDate "2018.10.10"]
[SourceQuality "1"]
[WhiteTeam "Dunajska Streda"]
[BlackTeam "Kosice Slavia"]
[WhiteTeamCountry "SVK"]
[BlackTeamCountry "SVK"]

1. e4 c5 2. Nc3 Nc6 3. f4 g6 4. Nf3 Bg7 5. Bb5 Nd4 6. 0-0 e6 7. a4 Ne7 8. d3 0-0 9. e5 d5 10. exd6 Qxd6 11. Ne4 Qc7 12. Bc4 b6 13. c3 Nxf3+ 14. Qxf3 Bb7 15. Qh3 h6 16. Be3 a6 17. g4 Qc6 18. b4 cxb4 19. cxb4 b5 20. Bb3 bxa4 21. Rac1 Qe8 22. Bc4 Nd5 23. Bc5 Qd7 24. f5 Nf6 25. Nd6 Bd5 26. Rce1 Bxc4 27. Nxc4 Nd5 28. fxe6 fxe6 29. Bxf8 Rxf8 30. Rxf8+ Bxf8 31. g5 Nf4 32. Qe3 hxg5 33. Ne5 Qb7 34. Qe4 Qxb4 0-1

[Event "SVK-chT2A 0809"]
[Site "Slovakia"]
[Date "2009.02.01"]
[Round "9.4"]
[White "Csiba, Peter"]
[Black "Malar, Pavol"]
[Result "0-1"]
[WhiteElo "2041"]
[BlackElo "2090"]
[PlyCount "80"]
[EventDate "2008.10.11"]
[EventType "team-tourn"]
[EventRounds "11"]
[EventCountry "SVK"]
[SourceTitle "EXT 2010"]
[Source "ChessBase"]
[SourceDate "2010.11.25"]
[SourceVersion "1"]
[SourceVersionDate "2010.11.25"]
[SourceQuality "1"]
[WhiteTeam "Dunajska Streda SK II"]
[BlackTeam "Hlohovec SK Zentiva II"]
[WhiteTeamCountry "SVK"]
[BlackTeamCountry "SVK"]

1. e4 e6 2. d4 d5 3. Nd2 Nc6 4. c3 e5 5. Bb5 exd4 6. cxd4 dxe4 7. Bxc6+ bxc6 8. Nxe4 Bb4+ 9. Nc3 Ba6 10. Nge2 Qe7 11. Be3 Nf6 12. 0-0 0-0 13. Re1 Nd5 14. Nxd5 cxd5 15. Bd2 Bd6 16. Nc3 Qh4 17. g3 Qxd4 18. Be3 Qxd1 19. Rexd1 c6 20. Ne4 Be7 21. Nc5 Bc8 22. Rac1 a5 23. b3 Bg4 24. Rd4 Bh3 25. Ra4 Rfb8 26. Nd3 Rc8 27. Bc5 Bf6 28. Bb6 Bf5 29. Nf4 Bd8 30. Bxd8 Rxd8 31. Rc5 Be4 32. Ne2 Re8 33. Nd4 Bd3 34. Rxc6 Re1+ 35. Kg2 Rae8 36. Rxa5 Rd1 37. Ra4 g5 38. Kh3 h5 39. Kg2 Bf1+ 40. Kg1 Bh3# 0-1

[Event "SVK-chT3A2 0809"]
[Site "Slovakia"]
[Date "2009.01.11"]
[Round "5.4"]
[White "Csiba, Peter"]
[Black "Szekely, Stefan"]
[Result "1-0"]
[WhiteElo "2041"]
[BlackElo "2038"]
[PlyCount "63"]
[EventDate "2008.10.19"]
[EventType "team-tourn"]
[EventRounds "11"]
[EventCountry "SVK"]
[SourceTitle "EXT 2010"]
[Source "ChessBase"]
[SourceDate "2010.11.25"]
[SourceVersion "1"]
[SourceVersionDate "2010.11.25"]
[SourceQuality "1"]
[WhiteTeam "Dunajska Streda SK III"]
[BlackTeam "Gabcikovo"]
[WhiteTeamCountry "SVK"]
[BlackTeamCountry "SVK"]

1. e4 d6 2. d4 Nf6 3. Nc3 g6 4. Bg5 c6 5. Qd2 Qa5 6. Be2 Bg7 7. 0-0-0 h6 8. Be3 Be6 9. f3 Bxa2 10. Nxa2 Qxa2 11. Qc3 Qe6 12. h4 Nh5 13. Bc4 d5 14. Qb3 b5 15. Bd3 0-0 16. g4 Nf6 17. g5 hxg5 18. hxg5 Nfd7 19. Ne2 Nb6 20. Nf4 Qd7 21. c3 Nc4 22. Bxc4 bxc4 23. Qc2 Na6 24. Qh2 Rfc8 25. Qh7+ Kf8 26. Rh2 e6 27. Ne2 Rab8 28. Bf4 Qb7 29. Ng3 Qb3 30. Bd6+ Ke8 31. Qxg7 Kd7 32. Qxf7+ 1-0

[Event "SVK-chT 0809"]
[Site "Slovakia"]
[Date "2008.11.30"]
[Round "4"]
[White "Csiba, Peter"]
[Black "Meszaros, Michal"]
[Result "0-1"]
[WhiteElo "2041"]
[BlackElo "2376"]
[PlyCount "86"]
[EventDate "2008.10.25"]
[EventType "team-tourn"]
[EventRounds "11"]
[EventCountry "SVK"]
[SourceTitle "EXT 2019"]
[Source "ChessBase"]
[SourceDate "2018.10.10"]
[SourceVersion "1"]
[SourceVersionDate "2018.10.10"]
[SourceQuality "1"]
[WhiteTeam "Dunajska Streda"]
[BlackTeam "Dunajov"]
[WhiteTeamCountry "SVK"]
[BlackTeamCountry "SVK"]

1. e4 c5 2. Nc3 Nc6 3. f4 a6 4. Nf3 e6 5. Be2 b5 6. 0-0 b4 7. Na4 Nf6 8. e5 Nd5 9. d3 Be7 10. Kh1 Qa5 11. b3 f5 12. Qe1 Bb7 13. Bd2 Qc7 14. Rc1 0-0 15. c3 bxc3 16. Nxc3 Ncb4 17. Nxd5 Nxd5 18. d4 Qb6 19. Bc4 Rfc8 20. Bxd5 Bxd5 21. dxc5 Bxc5 22. Qe2 h6 23. Rc3 Ba3 24. Be3 Qb7 25. Rxc8+ Rxc8 26. Rd1 Be4 27. Nd4 Bc5 28. Rc1 Bxd4 29. Rxc8+ Qxc8 30. Bxd4 Qc1+ 31. Bg1 Qxf4 32. Qxa6 Qd2 33. Qf1 Qxa2 34. b4 Qb2 35. b5 Qxe5 36. b6 Bc6 37. Qb1 Qe4 38. Qb2 f4 39. Qf2 f3 40. g3 Qg4 41. h4 Qh3+ 42. Bh2 h5 43. Kg1 Qf5 0-1

[Event "SVK-chT2A 0809"]
[Site "Slovakia"]
[Date "2008.11.09"]
[Round "4.5"]
[White "Csiba, Peter"]
[Black "Hecko, Dusan"]
[Result "1-0"]
[WhiteElo "2041"]
[BlackElo "2160"]
[PlyCount "31"]
[EventDate "2008.10.11"]
[EventType "team-tourn"]
[EventRounds "11"]
[EventCountry "SVK"]
[SourceTitle "EXT 2010"]
[Source "ChessBase"]
[SourceDate "2010.11.25"]
[SourceVersion "1"]
[SourceVersionDate "2010.11.25"]
[SourceQuality "1"]
[WhiteTeam "Dunajska Streda SK II"]
[BlackTeam "Osuske"]
[WhiteTeamCountry "SVK"]
[BlackTeamCountry "SVK"]

1. e4 c6 2. d4 d5 3. f3 dxe4 4. fxe4 e5 5. Nf3 exd4 6. Bc4 Be6 7. Bxe6 fxe6 8. 0-0 e5 9. Nxe5 Nf6 10. Bg5 Be7 11. Bxf6 Bxf6 12. Qh5+ Ke7 13. Qf7+ Kd6 14. Nc4+ Kc5 15. Rf5+ Kb4 16. a3+ 1-0

[Event "SVK-chT2A 0809"]
[Site "Slovakia"]
[Date "2008.10.12"]
[Round "2.4"]
[White "Csiba, Peter"]
[Black "Certek, Pavel"]
[Result "1-0"]
[WhiteElo "2041"]
[BlackElo "2216"]
[PlyCount "57"]
[EventDate "2008.10.11"]
[EventType "team-tourn"]
[EventRounds "11"]
[EventCountry "SVK"]
[SourceTitle "EXT 2010"]
[Source "ChessBase"]
[SourceDate "2010.11.25"]
[SourceVersion "1"]
[SourceVersionDate "2010.11.25"]
[SourceQuality "1"]
[WhiteTeam "Dunajska Streda SK II"]
[BlackTeam "Bratislava Doprastav"]
[WhiteTeamCountry "SVK"]
[BlackTeamCountry "SVK"]

1. Nf3 g6 2. d4 Bg7 3. c4 Nf6 4. Nc3 d5 5. cxd5 Nxd5 6. e4 Nxc3 7. bxc3 c5 8. Be3 0-0 9. Bc4 Bg4 10. Qd2 Qa5 11. Ne5 Bxe5 12. dxe5 Rd8 13. Qc2 Nc6 14. f4 Nd4 15. Qb2 Be6 16. Bxe6 Nxe6 17. 0-0 Rd3 18. Qxb7 Rad8 19. f5 R8d7 20. fxe6 fxe6 21. Bh6 Qd8 22. Qc6 Rd1 23. Qxe6+ Kh8 24. Raxd1 Rxd1 25. Qf7 Rxf1+ 26. Qxf1 Kg8 27. e6 Qe8 28. c4 a5 29. Qa1 1-0

[Event "Tatry op"]
[Site "Tatranske Zruby"]
[Date "2008.10.03"]
[Round "8"]
[White "Janos, Ivan"]
[Black "Csiba, Peter"]
[Result "1-0"]
[WhiteElo "2159"]
[BlackElo "2041"]
[PlyCount "105"]
[EventDate "2008.09.27"]
[EventType "swiss"]
[EventRounds "9"]
[EventCountry "SVK"]
[SourceTitle "CBM 126 Extra"]
[Source "ChessBase"]
[SourceDate "2008.11.05"]
[SourceVersion "1"]
[SourceVersionDate "2008.11.05"]
[SourceQuality "1"]

1. d4 d5 2. Nf3 Nf6 3. c4 e6 4. Nc3 Be7 5. e3 Nbd7 6. Qc2 c6 7. g4 dxc4 8. Bxc4 Nd5 9. Bd2 a6 10. 0-0-0 b5 11. Nxd5 cxd5 12. Bd3 Bb7 13. Kb1 Rc8 14. Qb3 0-0 15. g5 Qb6 16. Rhg1 Rc4 17. e4 a5 18. Bxc4 dxc4 19. Qe3 b4 20. Rc1 Ba6 21. h4 Rb8 22. h5 c3 23. Be1 cxb2 24. Rc2 g6 25. hxg6 fxg6 26. Qb3 Nf8 27. Rxb2 Qb5 28. Ne5 Bd6 29. Ng4 Rc8 30. Bd2 a4 31. Qf3 Qd3+ 32. Qxd3 Bxd3+ 33. Ka1 Rc4 34. Rc1 Rxd4 35. Be3 Rxe4 36. Nf6+ Kf7 37. Nxe4 Bxe4 38. Rd1 Be7 39. Rd4 Bf5 40. Rbxb4 e5 41. Rdc4 Bxb4 42. Rxb4 Bd7 43. Rb7 Ke8 44. Kb2 Ne6 45. Kc3 Ke7 46. Rb6 Nc7 47. Bc5+ Kd8 48. Rb8+ Bc8 49. Bd6 Ne6 50. Bxe5 Kd7 51. f4 Nd8 52. Ra8 Nc6 53. Bf6 1-0

[Event "Tatry op"]
[Site "Tatranske Zruby"]
[Date "2008.10.01"]
[Round "6"]
[White "Skreno, Vladimir"]
[Black "Csiba, Peter"]
[Result "1/2-1/2"]
[WhiteElo "2234"]
[BlackElo "2041"]
[PlyCount "64"]
[EventDate "2008.09.27"]
[EventType "swiss"]
[EventRounds "9"]
[EventCountry "SVK"]
[SourceTitle "CBM 126 Extra"]
[Source "ChessBase"]
[SourceDate "2008.11.05"]
[SourceVersion "1"]
[SourceVersionDate "2008.11.05"]
[SourceQuality "1"]

1. d4 d5 2. Nf3 Nf6 3. c4 c6 4. cxd5 cxd5 5. Nc3 Nc6 6. Bf4 Bf5 7. e3 e6 8. Ne5 Nxe5 9. dxe5 Nd7 10. e4 Bxe4 11. Nxe4 dxe4 12. Qa4 a6 13. Rd1 Qc7 14. Bb5 Rd8 15. Bxd7+ Rxd7 16. Rc1 Qd8 17. 0-0 Be7 18. Rfd1 b5 19. Rxd7 Qxd7 20. Qxe4 0-0 21. Qc6 Rd8 22. g3 a5 23. Qxd7 Rxd7 24. Rc8+ Rd8 25. Rxd8+ Bxd8 26. Be3 Kf8 27. Kf1 Ke8 28. Ke2 Kd7 29. Kd3 Kc6 30. Ke4 Be7 31. Bd4 a4 32. h3 Bb4 1/2-1/2

[Event "SVK-chT2A 0708"]
[Site "Slovakia"]
[Date "2007.10.06"]
[Round "1.7"]
[White "Slamena, Michal"]
[Black "Csiba, Peter"]
[Result "1-0"]
[WhiteElo "1944"]
[BlackElo "1987"]
[PlyCount "121"]
[EventDate "2007.10.06"]
[EventType "team-tourn"]
[EventRounds "11"]
[EventCountry "SVK"]
[SourceTitle "EXT 2010"]
[Source "ChessBase"]
[SourceDate "2010.11.25"]
[SourceVersion "1"]
[SourceVersionDate "2010.11.25"]
[SourceQuality "1"]
[WhiteTeam "Hlohovec SK Zentiva III"]
[BlackTeam "Dunajska Streda SK II"]
[WhiteTeamCountry "SVK"]
[BlackTeamCountry "SVK"]

1. e4 e5 2. Nf3 Nc6 3. Bb5 a6 4. Ba4 Nf6 5. 0-0 Be7 6. d4 exd4 7. e5 Ne4 8. Nxd4 Nc5 9. Bxc6 dxc6 10. Nc3 Ne6 11. Be3 Nxd4 12. Bxd4 Be6 13. f4 c5 14. Be3 Qxd1 15. Raxd1 Rd8 16. Rxd8+ Kxd8 17. f5 Bd7 18. Ne4 b6 19. g4 Re8 20. Ng5 Bxg5 21. Bxg5+ Kc8 22. Re1 c4 23. Kf2 Kb7 24. c3 a5 25. Kg3 a4 26. a3 Bc8 27. Kf4 Kc6 28. Rd1 b5 29. h4 h6 30. Bd8 Bd7 31. g5 h5 32. g6 fxg6 33. e6 Bc8 34. Kg5 gxf5 35. e7 Bd7 36. Kxh5 Rh8+ 37. Kg5 g6 38. Rd4 Be8 39. Kf6 Rh7 40. Kg5 Rh5+ 41. Kf6 Rh7 42. Rd2 Rxh4 43. Re2 Re4 44. Rh2 f4 45. Kg5 f3 46. Rf2 Re2 47. Rxf3 Rxb2 48. Kf6 Rd2 49. Kg7 Kd7 50. Kf8 Rd3 51. Rf4 g5 52. Rf5 g4 53. Bxc7 Rf3 54. Bf4 Bg6 55. Rd5+ Kc8 56. Kg7 Be8 57. Rd8+ Kb7 58. Rxe8 Rxf4 59. Rb8+ Kxb8 60. e8Q+ Kb7 61. Qd7+ 1-0

[Event "Tatry op"]
[Site "Tatranske Zruby"]
[Date "2007.09.29"]
[Round "9"]
[White "Kulago, Alexander"]
[Black "Csiba, Peter"]
[Result "1/2-1/2"]
[WhiteElo "2146"]
[BlackElo "2002"]
[PlyCount "105"]
[EventDate "2007.09.22"]
[EventType "swiss"]
[EventRounds "9"]
[EventCountry "SVK"]
[SourceTitle "CBM 120 Extra"]
[Source "ChessBase"]
[SourceDate "2007.11.01"]
[SourceVersion "1"]
[SourceVersionDate "2007.11.01"]
[SourceQuality "1"]

1. Nf3 d5 2. d4 Nf6 3. c4 e6 4. Nc3 c6 5. e3 Nbd7 6. Bd3 Be7 7. 0-0 0-0 8. e4 dxe4 9. Nxe4 Nxe4 10. Bxe4 Nf6 11. Bc2 Qc7 12. Bg5 Rd8 13. Qd3 g6 14. Qc3 Ne8 15. Bxe7 Qxe7 16. Rad1 a5 17. a3 b5 18. Ne5 Bb7 19. Be4 Rdc8 20. Qf3 bxc4 21. Rc1 Nd6 22. Bxc6 Rxc6 23. Nxc6 Qc7 24. d5 exd5 25. Nd4 Qb6 26. Qf6 Qc5 27. Rfd1 Ne4 28. Qe5 Qb6 29. f3 Nc5 30. Qe3 Nd3 31. Rxd3 cxd3 32. Qxd3 Re8 33. Qd2 a4 34. Qb4 Qxb4 35. axb4 Rc8 36. Rc5 Kf8 37. Kf2 Ke7 38. Ke3 Kd7 39. Kd2 Kd6 40. Nb5+ Ke5 41. Kc3 g5 42. Nd4 h5 43. Rxc8 Bxc8 44. b5 h4 45. Kd3 f5 46. g3 hxg3 47. hxg3 Kd6 48. f4 gxf4 49. gxf4 Kc5 50. Nc6 Bd7 51. Ne5 Bxb5+ 52. Kc3 Be2 53. Kc2 1/2-1/2

[Event "Novi Sad U20 op"]
[Site "Novi Sad"]
[Date "2007.08.20"]
[Round "3"]
[White "Balazs, Gabor1"]
[Black "Csiba, Peter"]
[Result "1/2-1/2"]
[WhiteElo "2305"]
[BlackElo "2002"]
[PlyCount "88"]
[EventDate "2007.08.18"]
[EventType "swiss"]
[EventRounds "9"]
[EventCountry "YUG"]
[SourceTitle "CBM 120 Extra"]
[Source "ChessBase"]
[SourceDate "2007.11.01"]
[SourceVersion "1"]
[SourceVersionDate "2007.11.01"]
[SourceQuality "1"]

1. d4 d5 2. c4 e6 3. Nc3 Nf6 4. cxd5 exd5 5. Bg5 c6 6. Qc2 Be7 7. e3 Bg4 8. Bd3 Nbd7 9. Nge2 Bh5 10. Ng3 Bg6 11. Nf5 0-0 12. 0-0 Re8 13. f3 Nf8 14. Rae1 Ne6 15. Bh4 Rc8 16. Kh1 Bxf5 17. Bxf5 g6 18. Bh3 Nh5 19. Bf2 Qa5 20. f4 Rcd8 21. g4 Nf6 22. Bh4 Ne4 23. Bxe7 Rxe7 24. Nxe4 dxe4 25. Qxe4 Rde8 26. Qe5 Qd2 27. Rd1 Qe2 28. Qf6 Qxe3 29. Bg2 Nc7 30. f5 Nd5 31. Qh4 h6 32. Rf3 Qg5 33. Qxg5 hxg5 34. fxg6 fxg6 35. Bf1 Ne3 36. Re1 Nxf1 37. Rexf1 Re2 38. R1f2 Rxf2 39. Rxf2 Re4 40. Rf6 Rxg4 41. Rxg6+ Kf7 42. Rh6 Rxd4 43. Rh7+ Ke6 44. Rxb7 Rd2 1/2-1/2

[Event "SVK-ch op-A"]
[Site "Banska Stiavnica"]
[Date "2007.07.13"]
[Round "7.58"]
[White "Csiba, Peter"]
[Black "Komlosi, Frantisek"]
[Result "1-0"]
[WhiteElo "2002"]
[BlackElo "1936"]
[PlyCount "109"]
[EventDate "2007.07.07"]
[EventType "swiss"]
[EventRounds "9"]
[EventCountry "SVK"]
[SourceTitle "EXT 2010"]
[Source "ChessBase"]
[SourceDate "2010.11.25"]
[SourceVersion "1"]
[SourceVersionDate "2010.11.25"]
[SourceQuality "1"]

1. d4 Nf6 2. c4 d5 3. Nc3 g6 4. Bg5 c6 5. Nf3 Bg7 6. e3 0-0 7. Qb3 e6 8. Be2 Nbd7 9. 0-0 Qa5 10. Bf4 dxc4 11. Bxc4 Nd5 12. Bg3 Nxc3 13. bxc3 Re8 14. Rfd1 Nf6 15. Bd3 Nh5 16. Be5 Bxe5 17. Nxe5 Qc7 18. Be2 Nf6 19. Rab1 b6 20. Nd3 Bd7 21. Bf3 Rab8 22. Qa3 a5 23. c4 Bc8 24. c5 b5 25. Qb3 Nd7 26. Bg4 Nf6 27. Ne5 Nd5 28. f4 Ba6 29. Bf3 Rbd8 30. Re1 f6 31. Ng4 Kg7 32. g3 b4 33. Nf2 Nc3 34. Ra1 Nb5 35. Be2 Qa7 36. Bxb5 Bxb5 37. Ne4 Re7 38. Nd6 Qa6 39. Qb2 Rb8 40. g4 h6 41. e4 Ba4 42. Re3 Bb5 43. g5 hxg5 44. fxg5 fxg5 45. Qg2 Rf8 46. Qxg5 Qa7 47. Rg3 Kh8 48. Qh6+ Kg8 49. Qxg6+ Rg7 50. Qxe6+ Kh8 51. Nf5 Rxg3+ 52. hxg3 Qf7 53. Qh6+ Kg8 54. Kg2 Qf6 55. Qh5 1-0

[Event "SVK-ch op-A"]
[Site "Banska Stiavnica"]
[Date "2007.07.12"]
[Round "6.61"]
[White "Krc, Milan"]
[Black "Csiba, Peter"]
[Result "0-1"]
[WhiteElo "1883"]
[BlackElo "2002"]
[PlyCount "96"]
[EventDate "2007.07.07"]
[EventType "swiss"]
[EventRounds "9"]
[EventCountry "SVK"]
[SourceTitle "EXT 2010"]
[Source "ChessBase"]
[SourceDate "2010.11.25"]
[SourceVersion "1"]
[SourceVersionDate "2010.11.25"]
[SourceQuality "1"]

1. c4 Nf6 2. Nf3 e6 3. Nc3 Bb4 4. a3 Bxc3 5. bxc3 c5 6. d4 0-0 7. g3 d6 8. Bg2 Nbd7 9. Qc2 Qc7 10. 0-0 Re8 11. Re1 Rb8 12. Nd2 b6 13. Ne4 Ba6 14. Nd2 e5 15. e3 Rbc8 16. Qa4 Nb8 17. Bb2 Qd7 18. Qb3 Nc6 19. Rac1 Na5 20. Qa2 Qa4 21. Bf1 e4 22. Be2 Rc7 23. Bd1 Qd7 24. Be2 Qh3 25. Bf1 Qh6 26. Bg2 Bc8 27. Qb1 Rce7 28. Rc2 Ng4 29. h3 Nf6 30. Kh2 Ba6 31. Qa2 Nd7 32. Rh1 f5 33. Bc1 Qe6 34. Bf1 Kh8 35. Be2 Rg8 36. Rb2 g5 37. Rb1 Qf7 38. Bb2 Re6 39. Rbg1 Rh6 40. Kg2 Rf8 41. Bc1 Bb7 42. Nb3 Nxc4 43. Qb1 Bd5 44. Nd2 f4 45. Qb5 f3+ 46. Kf1 Nxd2+ 47. Bxd2 fxe2+ 48. Qxe2 Bc4 0-1

[Event "SVK-ch op-A"]
[Site "Banska Stiavnica"]
[Date "2007.07.10"]
[Round "4.43"]
[White "Frink, Ferenc"]
[Black "Csiba, Peter"]
[Result "1-0"]
[WhiteElo "2172"]
[BlackElo "2002"]
[PlyCount "122"]
[EventDate "2007.07.07"]
[EventType "swiss"]
[EventRounds "9"]
[EventCountry "SVK"]
[SourceTitle "EXT 2010"]
[Source "ChessBase"]
[SourceDate "2010.11.25"]
[SourceVersion "1"]
[SourceVersionDate "2010.11.25"]
[SourceQuality "1"]

1. e4 e6 2. a3 c5 3. b4 cxb4 4. axb4 Bxb4 5. c3 Be7 6. d4 Nf6 7. Bd3 d5 8. e5 Nfd7 9. Ne2 Nc6 10. 0-0 Ndxe5 11. dxe5 Nxe5 12. Be3 Nxd3 13. Qxd3 b6 14. Nd2 0-0 15. Rfb1 Bb7 16. Bd4 Qc7 17. Qg3 Qxg3 18. hxg3 f6 19. f4 Bd6 20. Nf3 Rfe8 21. Ra2 Bc7 22. Bf2 e5 23. Rba1 a6 24. Nd2 Rac8 25. Rb2 b5 26. Nb3 Bd6 27. Rd1 Rc7 28. Na5 Ba8 29. Bb6 Bc5+ 30. Bxc5 Rxc5 31. Nb3 Rc7 32. Kf2 Kf7 33. Ra1 Bb7 34. Nbc1 Re6 35. Nd3 Rcc6 36. Nb4 Rb6 37. Nc1 Red6 38. Ncd3 e4 39. Nc5 Bc8 40. Ke3 f5 41. Rd2 Rg6 42. Kf2 Rg4 43. Rxd5 Rbg6 44. Rd8 Rxg3 45. Rxc8 Rxg2+ 46. Ke3 R6g3+ 47. Kd4 Rd2+ 48. Ke5 Kg6 49. Rc6+ Kh5 50. Kxf5 g6+ 51. Kxe4 Rxc3 52. Ncxa6 Re2+ 53. Kd4 Rce3 54. Rc5+ Kg4 55. Nd5 Rg3 56. Rf1 h5 57. Nab4 h4 58. Nd3 Kh3 59. Rcc1 Rb2 60. Nf2+ Kh2 61. Ne4 Ra3 1-0

[Event "SVK-ch op-A"]
[Site "Banska Stiavnica"]
[Date "2007.07.08"]
[Round "2.28"]
[White "Csiba, Peter"]
[Black "Szamos, Alexander"]
[Result "0-1"]
[WhiteElo "2002"]
[BlackElo "2264"]
[PlyCount "80"]
[EventDate "2007.07.07"]
[EventType "swiss"]
[EventRounds "9"]
[EventCountry "SVK"]
[SourceTitle "EXT 2010"]
[Source "ChessBase"]
[SourceDate "2010.11.25"]
[SourceVersion "1"]
[SourceVersionDate "2010.11.25"]
[SourceQuality "1"]

1. d4 Nf6 2. c4 e6 3. Nc3 d5 4. Nf3 Be7 5. Bf4 0-0 6. e3 b6 7. Be2 Bb7 8. cxd5 exd5 9. 0-0 Nbd7 10. Rc1 c6 11. Qa4 a5 12. Ne5 Nxe5 13. dxe5 Nd7 14. Bg4 Nc5 15. Qc2 Re8 16. Rfd1 Bf8 17. Ne2 g6 18. Bg3 g5 19. Bh3 h5 20. f3 h4 21. Bf2 Rxe5 22. f4 Re8 23. Nd4 Qf6 24. fxg5 Qxg5 25. Nf3 Qh5 26. Nxh4 Ne4 27. Bf5 Bc5 28. g4 Qh6 29. Ng2 Re7 30. h4 Rae8 31. Bxe4 Rxe4 32. g5 Qh5 33. Re1 Bc8 34. Nf4 Qg4+ 35. Kh2 Bxe3 36. Ng2 Bxc1 37. Qxc1 Rxe1 38. Bxe1 c5 39. Kg1 Re2 40. Bf2 d4 0-1

[Event "SVK-ch op-A"]
[Site "Banska Stiavnica"]
[Date "2007.07.07"]
[Round "1.37"]
[White "Csiba, Peter"]
[Black "Borosova, Zuzana"]
[Result "1-0"]
[WhiteElo "2002"]
[BlackElo "2251"]
[PlyCount "101"]
[EventDate "2007.07.07"]
[EventType "swiss"]
[EventRounds "9"]
[EventCountry "SVK"]
[SourceTitle "EXT 2010"]
[Source "ChessBase"]
[SourceDate "2010.11.25"]
[SourceVersion "1"]
[SourceVersionDate "2010.11.25"]
[SourceQuality "1"]

1. Nf3 Nf6 2. c4 g6 3. Nc3 Bg7 4. d4 d6 5. Bg5 0-0 6. e3 Nbd7 7. Be2 c5 8. Bh4 a6 9. 0-0 b6 10. Qc2 Bb7 11. Rad1 cxd4 12. Nxd4 Rc8 13. Qb1 Ne5 14. b3 b5 15. Bxf6 Bxf6 16. f4 Nd7 17. Ne4 bxc4 18. Nxf6+ Nxf6 19. Bxc4 e5 20. fxe5 Ng4 21. Nf3 d5 22. Rd4 Nxe3 23. Rf2 Qc7 24. Bf1 Nf5 25. Rdd2 a5 26. Rc2 Qb6 27. Bd3 Ne3 28. Rxc8 Rxc8 29. h3 Qb4 30. Re2 d4 31. Be4 Qa3 32. Re1 Bxe4 33. Qxe4 Rc2 34. Rxe3 Qxa2 35. Ne1 d3 36. Rxd3 Re2 37. Re3 Rf2 38. e6 fxe6 39. Qxe6+ Kg7 40. Rf3 Rxf3 41. Nxf3 Qa3 42. Kh2 Qb4 43. Kg3 h5 44. Qe5+ Kg8 45. Qe8+ Kg7 46. Qa4 Qb8+ 47. Kf2 Kh6 48. Qc4 Qb6+ 49. Kf1 g5 50. Qd5 Qe3 51. Qe5 1-0

[Event "SVK-ch U16"]
[Site "Liptovsky Mikulas"]
[Date "2007.04.26"]
[Round "8"]
[White "Mazur, Stefan"]
[Black "Csiba, Peter"]
[Result "1/2-1/2"]
[WhiteElo "2111"]
[BlackElo "1876"]
[PlyCount "71"]
[EventDate "2007.04.22"]
[EventType "swiss"]
[EventRounds "9"]
[EventCountry "SVK"]
[SourceTitle "EXT 2008"]
[Source "ChessBase"]
[SourceDate "2007.11.25"]
[SourceVersion "1"]
[SourceVersionDate "2007.11.25"]
[SourceQuality "1"]

1. e4 e5 2. Nf3 Nc6 3. d4 exd4 4. Bc4 Bc5 5. c3 d6 6. cxd4 Bb6 7. h3 Nf6 8. Nc3 0-0 9. Bg5 Re8 10. 0-0 h6 11. Bh4 g5 12. Bg3 Nxe4 13. Nxe4 Rxe4 14. Bd3 Re8 15. Bc2 Qf6 16. Qd3 Nxd4 17. Nxd4 Bxd4 18. Rad1 Bb6 19. Kh1 Bd7 20. f3 Qg7 21. Be1 Re3 22. Qd5 Bc6 23. Qf5 Qg6 24. Qxg6+ fxg6 25. Bxg6 Kg7 26. Bc2 d5 27. Bc3+ Kf8 28. Bb3 Rd8 29. Rfe1 Rxe1+ 30. Rxe1 a5 31. Re6 d4 32. Bd2 Kg7 33. h4 Rh8 34. Re7+ Kf8 35. Rf7+ Ke8 36. Rf6 1/2-1/2